00485nam a2200121Ia 4500008004100000082001700041100003700058245008400095260000900179300000700188630008400195730008400279100122s9999 xx 000 0 und d b5492a821.09 aमायदेव वा गो aसावरकर काव्य समालोचन ( क.क्र.26/4 ) c1924 a60 aसावरकर काव्य समालोचन ( क.क्र.26/4 ) aसावरकर काव्य समालोचन ( क.क्र.26/4 )